| 000 | 01632nam a2200409 a 4500 | ||
|---|---|---|---|
| 001 | 000109429 | ||
| 003 | CHAP | ||
| 005 | 20220329144050.0 | ||
| 008 | 140429s2013 mx a sm |||||||spa d | ||
| 010 | _a105891 | ||
| 011 | _a106863 | ||
| 040 | _cCHAP | ||
| 090 | _aTesis | ||
| 100 | 1 |
_aCortés Cortés, Ramón _9126664 |
|
| 245 | 1 | 0 |
_aPropuesta de turismo de naturaleza a través de un diagnóstico rural participativo de recursos naturales en el ejido ojo de agua de Ballesteros, Salvatierra, Gto. _h[En línea] _cpor Ramón Cortés Cortés. |
| 260 |
_aChapingo, Méx. : _bEl autor, _c2013. |
||
| 500 | _aPara ver el contenido del material haga clic en la liga | ||
| 502 | _aTesis (Ing. en Recusos Naturales Renovables) -- UACH. Departamento de suelos | ||
| 590 |
_aBATCH-UPD _b10 _c20141002 _lUCH01 _h0902 |
||
| 590 |
_aE11695DGD _b10 _c20140520 _lUCH01 _h1156 |
||
| 590 |
_aE5995AHE _b05 _c20140429 _lUCH01 _h0924 |
||
| 590 |
_aE5995AHE _b05 _c20140429 _lUCH01 _h0941 |
||
| 590 |
_aE5995AHE _b05 _c20140429 _lUCH01 _h1045 |
||
| 590 |
_aE5995AHE _b05 _c20140429 _lUCH01 _h1046 |
||
| 590 |
_aE5995AHE _b05 _c20140429 _lUCH01 _h1046 |
||
| 590 |
_aE5995AHE _b05 _c20140429 _lUCH01 _h1432 |
||
| 590 |
_aE5995AHE _b05 _c20140429 _lUCH01 _h1433 |
||
| 650 | 1 | 4 |
_aDesarrollo sustentable _xGuanajuato. _932084 |
| 650 | 1 | 4 |
_aEjidos _xMorelos. _936021 |
| 650 | 1 | 4 |
_aGuanajuato _xCondiciones económicas. _950977 |
| 650 | 1 | 4 |
_aRecursos naturales _xConservación _zGuanajuato. _995262 |
| 650 | 1 | 4 |
_aTurismo rural. _9124695 |
| 856 |
_aFinding aid _uhttp://10.13.5.2/tesis/sist109429.pdf _zTeclea aquí |
||
| 901 | _aBK | ||
| 942 | _cTESIS | ||
| 942 | _n0 | ||
| 999 |
_c105891 _d105891 |
||